'U' US Cities Quiz Stats

 Plays Quiz not verified by Sporcle

Score 0/10 Timer 04:00
0 Plays Today
Rank US City % Correct
4Houston, Texas
97.4%
16Columbus, Ohio
87.6%
15Austin, Texas
82.3%
52St. Louis, Missouri
81.1%
34Albuquerque, New Mexico
76.6%
23Milwaukee, Wisconsin
75.7%
30Louisville, Kentucky
75.2%
32Tucson, Arizona
73%
46Tulsa, Oklahoma
71.6%
49Honolulu, Hawaii
59.7%

You're not logged in!

Compare scores with friends on all Sporcle quizzes.
OR
Log In

Show Comments

Extras

Top Quizzes Today


Score Distribution

Your Account Isn't Verified!

In order to create a playlist on Sporcle, you need to verify the email address you used during registration. Go to your Sporcle Settings to finish the process.

Report this User

Report this user for behavior that violates our Community Guidelines.

Details: